| 000 | 00000nam 2200000zi 4500 |
| 001 | 9.927083 |
| 003 | CaOODSP |
| 005 | 20241104092458 |
| 006 | m o d f |
| 007 | cr mn||||||||| |
| 008 | 230911e202406 onca ob f000 0 fre d |
| 020 | |a9780660678658 |
| 040 | |aCaOODSP|bfre|erda|cCaOODSP |
| 043 | |an------ |
| 086 | 1 |aHP45-36/2024F-PDF |
| 245 | 00|aInitiative nord-américaine de préparation aux pandémies animales et humaines. |
| 264 | 1|a[Ottawa] : |b[Agence de la santé publique du Canada], |cjuin 2024. |
| 300 | |a1 ressource en ligne (25 pages) : |billustrations (certaines en couleur) |
| 336 | |atexte|btxt|2rdacontent/fre |
| 337 | |ainformatique|bc|2rdamedia/fre |
| 338 | |aressource en ligne|bcr|2rdacarrier/fre |
| 500 | |aPublié aussi en anglais sous le titre : North American preparedness for animal and human pandemics initiative; et en espagnol sous le titre : Preparación Norteamericana para la iniciativa para pandemias en animales y seres humanos. |
| 500 | |a« Pub. : 240190. » |
| 504 | |aComprend des références bibliographiques. |
| 650 | 6|aPandémies|zAmérique du Nord|xPrévention. |
| 710 | 2 |aAgence de santé publique du Canada, |eorganisme de publication. |
| 775 | 08|tNorth American preparedness for animal and human pandemics initiative.|w(CaOODSP)9.927082 |
| 775 | 08|tPreparación Norteamericana para la iniciativa para pandemias en animales y seres humanos.|w(CaOODSP)9.938800 |
| 856 | 40|qPDF|s644 Ko|uhttps://publications.gc.ca/collections/collection_2024/aspc-phac/HP45-36-2024-fra.pdf |
| 856 | 4 |qHTML|sS.O.|uhttps://www.canada.ca/fr/sante-publique/services/publications/securite-et-risque-pour-sante/initiative-nord-americaine-preparation-pandemies-animales-et-humaines.html |
| 986 | |a240190 |